Kevin's top 10 Enemies from video games - Statistics

General Stats
  • This quiz has been taken 21 times
  • The average score is 5 of 10
Answer Stats
Hint Answer % Correct
Super Mario Bros. Bowser
84%
Super Mario Bros. Goomba
74%
Half-Life 2 Combine Soldiers
63%
Half-Life Headcrab
63%
Left 4 Dead Tank
63%
Portal 2 Wheatley
53%
Left 4 Dead Smoker
47%
Counter Strike Counter-Terrorists
26%
Half-Life 2 Antlion
21%
Half-Life Vortiguant
5%
No matching quizzes found
Score Distribution
Percent of People with Each Score
Percentile by Number Answered
Your Score History
You have not taken this quiz